Länder, die Mexiko am Nächsten Liegen - Sudden Death - Statistiken

Allgemein
  • Dieses Quiz wurde 121 mal gespielt
  • Das Durchschnittsergebnis liegt bei 7 aus 15
Answers on the Grid
Answers color-coded by a green-red scale on the quiz's grid according to % correct below.
Vereinigte Staaten
Belize
Guatemala
Honduras
Kuba
El Salvador
Nicaragua
Costa Rica
Kolumbien
Jamaika
Bahamas
Panama
Haiti
Dominikanische Republik
Ecuador
Kanada
Peru
Brasilien
Antigua und Barbuda
Saint Vincent und die Grenadinen
Venezuela
Surinam
Guyana
Bolivien
Uruguay
Tuvalu
Tonga
Neuseeland
Mauretanien
Portugal
 
Antwortstatistiken
Antwort % Korrekt
Vereinigte Staaten
67%
Panama
55%
Honduras
52%
Kuba
52%
El Salvador
48%
Haiti
48%
Costa Rica
45%
Dominikanische Republik
45%
Guatemala
45%
Jamaika
45%
Belize
42%
Kolumbien
42%
Bahamas
33%
Nicaragua
33%
Ecuador
24%
Keine übereinstimmenden Quizze gefunden
Verteilung der Resultate
Anzahl Personen mit jedem Resultat
Perzentil nach korrekt beantworteten Fragen
Ihre Resultats-Entwicklung
Sie haben dieses Quiz noch nicht gespielt